000 00301nam a22001337a 4500
008 170920b xxu||||| |||| 00| 0 eng d
020 _a9780810912250
041 _aeng
080 _a7
100 _a45
101 _aART
245 _aKEY ART TERMS FOR BEGINNERS
_cABRAMS,H.K
942 _2udc
_cBK
999 _c28591
_d28591